The godwits fly /

Bibliographic Details
Main Author: Hyde, Robin, 1906-1939
Format: Book
Language:English
Published: [Auckland, N.Z.] : [England] : Auckland University Press ; Oxford University Press, 1970
Series:New Zealand fiction ; 2.

MARC

Tag First Indicator Second Indicator Subfields
LEADER 00000cam a2200000 a 4500
001 in00000072847
005 20160105090740.0
008 810819r19701938nz 00011 eng d
035 |a (OCoLC)07683613 
035 |9 AAJ1269AM 
040 |a PLF  |c PLF  |d TXA  |d UtOrBLW 
049 |a TXAM  |c [387504] 
090 |a PR9639.3.H9  |b G6 1980 
100 1 |a Hyde, Robin,  |d 1906-1939. 
245 1 4 |a The godwits fly /  |c Robin Hyde ; edited and introduced by Gloria Rawlinson. 
264 1 |a [Auckland, N.Z.] :  |b Auckland University Press ;  |a [England] :  |b Oxford University Press,  |c 1970 
264 3 |c 1980 printing 
300 |a xxi, 236 pages ;  |c 21 cm. 
336 |a text  |b txt  |2 rdacontent 
337 |a unmediated  |b n  |2 rdamedia 
338 |a volume  |b nc  |2 rdacarrier 
490 1 |a New Zealand fiction ;  |v 2 
500 |a Reprint. Originally published: Hurst & Blackett, 1938. 
830 0 |a New Zealand fiction ;  |v 2. 
999 |a MARS 
999 f f |s f837bc5e-d61d-3994-9f0c-5d8c5892cc60  |i 79b95a52-e427-34ae-96cf-7de55eaa78c8  |t 0 
952 f f |p ric  |a Texas A&M University  |b Rellis Campus  |c Joint Library Facility  |d Remote Storage  |t 0  |e PR9639.3.H9 G6 1980  |h Library of Congress classification  |i unmediated -- volume  |m A14806188358 
998 f f |a PR9639.3.H9 G6 1980  |t 0  |l Remote Storage